Waves in periodic and random media : proceedings of an AMS-IMS-SIAM Joint Summer Research Conference on Waves in Periodic and Random Media, June 22-28, 2002, Mount Holyoke College, South Hadley, MA
Αποθηκεύτηκε σε:
| Συγγραφή απο Οργανισμό/Αρχή: | |
|---|---|
| Άλλοι συγγραφείς: | |
| Μορφή: | Πρακτικό Συνεδρίου Βιβλίο |
| Γλώσσα: | English |
| Δημοσίευση: |
Providence, R.I. :
American Mathematical Society,
c2003
|
| Σειρά: | Contemporary mathematics (American Mathematical Society) ;
; 339 |
| Θέματα: | |
| Ετικέτες: |
Προσθήκη ετικέτας
Δεν υπάρχουν, Καταχωρήστε ετικέτα πρώτοι!
|
MARC
| LEADER | 00000cam a2200000 i 4500 | ||
|---|---|---|---|
| 001 | 1/69405 | ||
| 008 | 050112s2003 eng d | ||
| 020 | |a 0-8218-3286-7 | ||
| 035 | |l 10075949 | ||
| 040 | |a GR-MY-UA |b gre |e aacr | ||
| 041 | 0 | |a eng | |
| 082 | 0 | |a 531.1133 |2 (21) | |
| 111 | 2 | |a AMS-IMS-SIAM Joint Summer Research Conference on Waves in Periodic and Random Media |d (2002 : |c Mount Holyoke College) | |
| 245 | 1 | 0 | |a Waves in periodic and random media : |b proceedings of an AMS-IMS-SIAM Joint Summer Research Conference on Waves in Periodic and Random Media, June 22-28, 2002, Mount Holyoke College, South Hadley, MA / |c Peter Kukhment, editor |
| 260 | |a Providence, R.I. : |b American Mathematical Society, |c c2003 | ||
| 300 | |a ix, 216 σ.; |c 26 εκ. | ||
| 490 | 1 | |a Contemporary mathematics |v ; 339 | |
| 504 | |a Περιέχει βιβλιογραφικές αναφορές | ||
| 650 | 0 | 0 | |a Wave-motion, Theory of |x Congresses. |
| 650 | 0 | 0 | |a Photons |x Congresses. |
| 650 | 0 | 0 | |a Crystal optics |x Congresses. |
| 650 | 0 | 0 | |a Order-disorder models |x Congresses. |
| 700 | 1 | |a Kuchment, Peter, |d 1949- |e edt | |
| 830 | 0 | |a Contemporary mathematics (American Mathematical Society) ; |v ; 339 | |
| 852 | |a INST |b SAMOS |e 20050112 |h 531.1133 AMS |p 005300022880 |q 005300022880 |t BK |y 0 | ||
| 901 | |a BIBL3-2005-1 | ||
| 909 | |a Σ |b 115128 | ||
| 922 | |a 3ΕΛΗ |b 200406 |c ΕΠΕΑΕΚ2/ΤΜΗΜΑ ΜΑΘΗΜΑΤΙΚΩΝ |d ΜΙΧΑΛΟΠΟΥΛΟΣ | ||
| 970 | |a ΚΟΣΙΕΡΗΣ |b ΧΡΗΣΤΟΣ |z 2005/01/12 | ||